Statistics for The Nine Circles of Hell

Click here to take the quiz!

General Stats

  • This quiz has been taken 104 times
  • The average score is 6 of 9

Answer Stats

HintAnswer% Correct
Second Circlelust
90%
Fourth Circlegreed and profligacy
82%
Third Circlegluttony
81%
Ninth Circletreason
71%
Fifth Circlewrath
71%
Seventh Circleviolence
60%
Sixth Circleheresy
51%
Eighth Circlefraud
49%
First Circle ("Limbo")unbaptised
21%

Score Distribution

Percentile by Number Answered

Percent of People with Each Score

Your Score History

You have not taken this quiz